000 00410nmm a2200145Ia 4500
008 251105s9999||||xx |||||||||||||||||und||
041 _aspa
100 _aPiglia, Ricardo
245 0 _aEl fin del viaje
264 _a[Santiago de Chile, Chile] :
_bPatagonia,
_c2015
300 _a35 páginas
650 _aLatin American narrative
856 _uhttps://public.digitaliapublishing.com/a/38482
942 _cCF
999 _c105782
_d105782